00461nam a2200145Ia 4500008004100000020001800041041000800059082001800067100003300085245010400118250000600222260004800228300001400276650002500290210716s2012 xx 000 0 und d a9781107608672 aeng a658.4012 SACS aSachs, Sybille;Ruhli, Edwin. aStakeholders matter: a new paradigm for strategy in society.bNew paradigm for strategy in society. a1 aNew DelhibCambridge University Pressc2012 axviii,278 aStrategic Management